000 00884cab a2200229 4500
001 X92511
008 090401t1998 xxu||||| |||| 00| 0 eng d
035 _a(Sirsi) u87036
041 _aeng
245 _aRight of way
260 _c1998
350 _a0
490 _aEstates Gazette Case Summaries
_v[1998] EGCS 92 (20/6/98)
520 _a"Fairview New Homes plc v Government Row Residents Association Ltd" ChD 9 June 1998. Right of way exercisable over road running along boundary of dominant tenement - Whether access limited to that enjoyed at date of grant - Whether desired new access amounted to excessive user.
650 _aACCESS ROAD
650 _aEXCESSIVE USE
650 _aFAIRVIEW NEW HOMES PLC V GOVERNMENT ROW RESIDENTS ASSOCIATION LTD
650 _aRIGHTS OF WAY
690 _aHIGHWAYS RIGHTS OF WAY AND EASEMENTS
942 _n0
948 _c25/06/1998
999 _c54834
_d54834